000 00294nam a2200121Ia 4500
008 220204s9999 xx 000 0 und d
082 _a581(038)
_bUSH;1
100 _aUsher, George
245 0 _aDictionary of plants used by man
260 _aDelhi
_bCBS
_c1984
650 _aPlants
942 _cBK
999 _c40468
_d40468